Normal view
MARC view
- ANTONIO M.BELLAVISTS PAOLO
Entry Personal Name
001 - CONTROL NUMBER
- control field: 89242
003 - CONTROL NUMBER IDENTIFIER
- control field: NUST
005 - DATE AND TIME OF LATEST TRANSACTION
- control field: 20220221101222.0
008 - FIXED-LENGTH DATA ELEMENTS
- fixed length control field: 220221|| aca||aabn | a|a d
040 ## - CATALOGING SOURCE
- Original cataloging agency: NUST
- Transcribing agency: NUST
100 ## - HEADING--PERSONAL NAME
- Personal name: ANTONIO M.BELLAVISTS PAOLO
670 ## - SOURCE DATA FOUND
- Source citation: Work cat.: (NUST): ANTONIO M.BELLAVISTS PAOLO, THE HAND BOOK OF MOBILE MIDDLE WARE /, 2007.
